Climate change 2007: Impacts, adaptation and vulnerability: Summary of policy makers and technical summary-Fourth assessment report of the intergovernmental panel on climate change (Record no. 44831)

MARC details
000 -LEADER
fixed length control field 00464nam a2200121Ia 4500
020 ## - INTERNATIONAL STANDARD BOOK NUMBER
ISBN 9291691216
082 ## - DEWEY DECIMAL CLASSIFICATION NUMBER
Classification number 504.38
Item number IPC
245 #0 - TITLE STATEMENT
Title Climate change 2007: Impacts, adaptation and vulnerability: Summary of policy makers and technical summary-Fourth assessment report of the intergovernmental panel on climate change
260 ## - PUBLICATION, DISTRIBUTION, ETC. (IMPRINT)
Place of publication Intergovernmental Panel on climate change
Name of publisher 2007
300 ## - PHYSICAL DESCRIPTION
Number of Pages 93p.
942 ## - ADDED ENTRY ELEMENTS (KOHA)
Koha item type Books
Holdings
Withdrawn status Lost status Damaged status Not for loan Home library Current library Date acquired Source of acquisition Full call number Accession Number Koha item type
        RRII Library RRII Library 16/12/2021 Gift 504.38 IPC G01574 Books